| 000 | 01159nam a22004337a 4500 | ||
|---|---|---|---|
| 001 | 000649 | ||
| 003 | DO-SdBNP | ||
| 005 | 20180208113401.0 | ||
| 007 | 000649 | ||
| 008 | 161108b 2007 sp a ||||| |||| 00| 0 spa d | ||
| 010 | _a | ||
| 020 | _a9789702901853 | ||
| 040 |
_aBPMSU _cspa _dBPMSU |
||
| 042 | _a | ||
| 050 |
_a _b |
||
| 100 | 1 |
_aDanziger, Paula, _d1944- |
|
| 245 | 1 | 0 |
_a¿Seguiremos siendo amigos? / _cPaula Danziger ; traducción de Javier Franco ; ilustraciones de Tony Ross. |
| 246 |
_a _b |
||
| 250 | _a6ª reimp. | ||
| 260 |
_aMéxico : _bAlfaguara, _c2007. |
||
| 300 |
_a84 p. : _bil ; _c20 cm. |
||
| 490 | 1 | _aAlfaguara infantil | |
| 500 | _aIncluye datos de la autora | ||
| 500 | _aPara niños a partir de los 8 años. | ||
| 500 | _aSexta reimpresión: mayo de 2007 | ||
| 520 | _a | ||
| 650 | 1 |
_a _x |
|
| 650 |
_a _x |
||
| 650 |
_a _x |
||
| 700 | 1 | 2 |
_aRoss, Tony, _eil. |
| 700 | 1 | 2 |
_aFranco, Javier, _etr. |
| 830 | 0 | _aAlfaguara infantil | |
| 856 | 4 | 2 |
_3 _u |
| 856 | 4 | 2 |
_3 _u |
| 942 |
_2ddc _cBK |
||
| 945 | _aInventariado, 2018 /LP | ||
| 956 |
_aLOPEREZ _b10 _c20161108 _hBPMSU |
||
| 999 |
_c11831 _d11831 |
||